000 00610nam a22002297a 4500
003 UA-OsUOA
001 95880
007 ta
008 20130312b un ||||| |||| 00| 0 ukr d
100 _aКулишкин Г.
090 _a821.161.1
_bК90
942 _cBK
040 _aUA-OsUOA
_brus
_cUA-OsUOA
_dUA-OsUOA
245 _aБлиже к рублю
_bповесть
300 _a201 с.
955 _a3
041 _arus
080 _a821.161.1
260 _aМ.
_bМолодая гвардия
_c1989
650 7 _a82 Література. Літературознавство
_2UDC
999 _c382126
_d382126